<?xml version="1.0" encoding="UTF-8"?>
<resp>
  <nextPage>https://data.bn.org.pl/api/networks/bibs.marcxml?marc=001+b00001150000833&amp;sinceId=1150000834</nextPage>
  <collection>
    <record xmlns='http://www.loc.gov/MARC21/slim'><leader>00826namZa2200265ZiZ4500</leader><controlfield tag='001'>b00001150000833</controlfield><controlfield tag='005'>20241203220055.3</controlfield><controlfield tag='008'>230609s        pl           |000 0 pol c</controlfield><controlfield tag='009'>9913262179805606</controlfield><datafield ind1=' ' ind2=' ' tag='035'><subfield code='a'>(PL)b00001150000833</subfield></datafield><datafield ind1=' ' ind2=' ' tag='035'><subfield code='a'>KR_1_20120317225900044368</subfield><subfield code='9'>ExL</subfield></datafield><datafield ind1=' ' ind2=' ' tag='035'><subfield code='a'>KR_1KR_1_20120317225900044368-48omnis_kr</subfield></datafield><datafield ind1=' ' ind2=' ' tag='040'><subfield code='a'>KR_1</subfield><subfield code='c'>KR_1</subfield></datafield><datafield ind1='0' ind2=' ' tag='041'><subfield code='a'>pol</subfield></datafield><datafield ind1='1' ind2=' ' tag='100'><subfield code='a'>Żygulski, Zdzisław</subfield><subfield code='d'>(1888-1975)</subfield></datafield><datafield ind1='1' ind2='0' tag='245'><subfield code='a'>Fryderyk Schiller /</subfield><subfield code='c'>Zdzisław Żygulski.</subfield></datafield><datafield ind1=' ' ind2=' ' tag='260'><subfield code='a'>W-wa :</subfield><subfield code='b'>&quot;Wiedza Powszechna&quot;,</subfield><subfield code='c'>1975.</subfield></datafield><datafield ind1=' ' ind2=' ' tag='300'><subfield code='a'>274 s. :</subfield><subfield code='b'>faks., fot., il., portr. ;</subfield><subfield code='c'>17 cm</subfield></datafield><datafield ind1='1' ind2=' ' tag='490'><subfield code='a'>Profile.</subfield></datafield><datafield ind1=' ' ind2=' ' tag='500'><subfield code='a'>n</subfield></datafield><datafield ind1=' ' ind2=' ' tag='504'><subfield code='a'>Bibliogr. s. 272-[275].</subfield></datafield><datafield ind1=' ' ind2=' ' tag='852'><subfield code='b'>48OMNIS_NETWORK</subfield><subfield code='8'>9913262179805606</subfield></datafield><datafield ind1=' ' ind2=' ' tag='852'><subfield code='b'>48OMNIS_KR</subfield><subfield code='8'>991000008339708216</subfield></datafield></record>
  </collection>
</resp>
